000 00315nam a22001337a 4500
008 180914b xxu||||| |||| 00| 0 eng d
020 _a0791408302
041 _aeng
080 _a159.9
100 _a48
101 _aPSI
245 _aAcademic And WorK Place Sexual Harassment
_cPaludi,M,A
942 _2udc
_cBK
999 _c47807
_d47807